[Event "Wuerttemberg-ch Seniors 15th"]
[Site "Ellwangen"]
[Date "2003.04.18"]
[Round "8"]
[White "Hoffmann, Hans"]
[Black "Schmid, Hartmut"]
[Result "1-0"]
[WhiteElo "2104"]
[BlackElo "2117"]
[PlyCount "119"]
[EventDate "2003.04.??"]
[EventType "swiss"]
[EventRounds "9"]
[EventCountry "GER"]
[SourceTitle "EXT 2006"]
[Source "ChessBase"]
[SourceDate "2005.11.24"]
[SourceVersion "1"]
[SourceVersionDate "2005.11.24"]
[SourceQuality "1"]

1. c4 Nf6 2. Nc3 e6 3. d4 d5 4. Nf3 Be7 5. Bf4 0-0 6. e3 a6 7. h3 Nbd7 8. c5 Ne4 9. Bd3 f5 10. Ne5 Bf6 11. Nxd7 Bxd7 12. 0-0 g5 13. Bh2 Bg7 14. f3 Nf6 15. g4 h5 16. gxf5 exf5 17. Kh1 Be6 18. Be5 Rf7 19. f4 g4 20. Qe1 Ne4 21. hxg4 hxg4 22. Kg2 Bxe5 23. fxe5 Qg5 24. Bxe4 fxe4 25. Rxf7 Bxf7 26. Qg3 Kg7 27. Rf1 Rh8 28. e6 Bxe6 29. Qxc7+ Kg6 30. Qd6 Re8 31. Qg3 Qh5 32. Ne2 Qh3+ 33. Qxh3 gxh3+ 34. Kh2 Kg5 35. Nf4 Kh4 36. Nxe6 Rxe6 37. Rf4+ Kg5 38. Kxh3 Rh6+ 39. Kg2 Rh7 40. b4 b5 41. Rf8 Kh4 42. Rf6 Rg7+ 43. Kf2 Kh3 44. Rh6+ Kg4 45. Rxa6 Rf7+ 46. Ke2 Rh7 47. Rg6+ Kf5 48. Rd6 Rh2+ 49. Kf1 Kg4 50. Rxd5 Kf3 51. Rf5+ Kxe3 52. c6 Kxd4 53. c7 Rh8 54. Rxb5 Rc8 55. Rc5 Kd3 56. b5 e3 57. Rd5+ Kc4 58. b6 Kxd5 59. b7 Rf8+ 60. Ke1 1-0

[Event "Wuerttemberg-ch Seniors 15th"]
[Site "Ellwangen"]
[Date "2003.04.17"]
[Round "7"]
[White "Weigel, Herbert"]
[Black "Hoffmann, Hans"]
[Result "0-1"]
[WhiteElo "2062"]
[BlackElo "2104"]
[PlyCount "96"]
[EventDate "2003.04.??"]
[EventType "swiss"]
[EventRounds "9"]
[EventCountry "GER"]
[SourceTitle "EXT 2006"]
[Source "ChessBase"]
[SourceDate "2005.11.24"]
[SourceVersion "1"]
[SourceVersionDate "2005.11.24"]
[SourceQuality "1"]

1. e4 c5 2. c3 d5 3. exd5 Qxd5 4. d4 Nc6 5. Nf3 Bg4 6. Be2 e6 7. h3 Bh5 8. c4 Qd8 9. d5 exd5 10. cxd5 Bxf3 11. Bxf3 Nd4 12. 0-0 Bd6 13. Be3 Nxf3+ 14. Qxf3 Ne7 15. Nc3 0-0 16. Rfd1 Ng6 17. Ne4 b6 18. Nxd6 Qxd6 19. g3 f5 20. Bf4 Nxf4 21. Qxf4 Qxf4 22. gxf4 Rad8 23. Rd2 Rfe8 24. f3 Re6 25. Rad1 Red6 26. Kf2 Kf7 27. Kg3 R8d7 28. Kf2 Ke8 29. Re1+ Re7 30. Re5 g6 31. h4 Kf7 32. Ke1 Red7 33. Kf2 Kf6 34. Kg2 h6 35. Kg3 a6 36. a4 b5 37. axb5 axb5 38. b3 Rc7 39. Rc2 c4 40. bxc4 bxc4 41. Kf2 g5 42. hxg5+ hxg5 43. Re6+ Rxe6 44. fxg5+ Kxg5 45. dxe6 Kf6 46. Ke3 Kxe6 47. Kd4 Rd7+ 48. Ke3 Rc7 0-1

[Event "Wuerttemberg-ch Seniors 15th"]
[Site "Ellwangen"]
[Date "2003.04.15"]
[Round "5"]
[White "Franck, Rudolf"]
[Black "Hoffmann, Hans"]
[Result "1/2-1/2"]
[WhiteElo "2075"]
[BlackElo "2104"]
[PlyCount "46"]
[EventDate "2003.04.??"]
[EventType "swiss"]
[EventRounds "9"]
[EventCountry "GER"]
[SourceTitle "EXT 2006"]
[Source "ChessBase"]
[SourceDate "2005.11.24"]
[SourceVersion "1"]
[SourceVersionDate "2005.11.24"]
[SourceQuality "1"]

1. Nf3 Nf6 2. g3 c5 3. c4 Nc6 4. Nc3 g6 5. Bg2 Bg7 6. 0-0 0-0 7. d3 d6 8. h3 Rb8 9. Bd2 a6 10. Qc1 b5 11. Bh6 bxc4 12. Bxg7 Kxg7 13. dxc4 Be6 14. b3 Qc8 15. Kh2 Nd4 16. Nxd4 cxd4 17. Nd5 Bxd5 18. cxd5 Rb5 19. Qd2 Qc3 20. Rfd1 Qxd2 21. Rxd2 Nxd5 22. Rxd4 Nb4 23. Rc4 a5 1/2-1/2

[Event "Wuerttemberg-ch Seniors 15th"]
[Site "Ellwangen"]
[Date "2003.04.14"]
[Round "4"]
[White "Hoffmann, Hans"]
[Black "Frank, Werner"]
[Result "1-0"]
[WhiteElo "2104"]
[BlackElo "1982"]
[PlyCount "67"]
[EventDate "2003.04.??"]
[EventType "swiss"]
[EventRounds "9"]
[EventCountry "GER"]
[SourceTitle "EXT 2006"]
[Source "ChessBase"]
[SourceDate "2005.11.24"]
[SourceVersion "1"]
[SourceVersionDate "2005.11.24"]
[SourceQuality "1"]

1. c4 g6 2. Nc3 e5 3. g3 Bg7 4. Bg2 d6 5. Nf3 f5 6. d3 Nf6 7. 0-0 0-0 8. Qb3 Kh8 9. c5 Nc6 10. cxd6 cxd6 11. Be3 Qe7 12. Rac1 Be6 13. Qa3 Ne8 14. Ng5 Bg8 15. f4 exf4 16. Bxf4 h6 17. Nh3 g5 18. Bd2 Nc7 19. Kh1 Qe5 20. e3 d5 21. d4 Qe6 22. Nf2 Rf6 23. Nd3 b6 24. b3 Bf8 25. Qb2 Bd6 26. Nxd5 Nxd5 27. Rxc6 Qe8 28. Rcc1 Qb5 29. Qc2 Re8 30. Rfe1 f4 31. gxf4 gxf4 32. e4 f3 33. Bf1 Ne7 34. Ne5 1-0

[Event "Wuerttemberg-ch Seniors 15th"]
[Site "Ellwangen"]
[Date "2003.04.12"]
[Round "2"]
[White "Hoffmann, Hans"]
[Black "Fritsch, Wolfgang"]
[Result "1-0"]
[WhiteElo "2104"]
[BlackElo "1715"]
[PlyCount "131"]
[EventDate "2003.04.??"]
[EventType "swiss"]
[EventRounds "9"]
[EventCountry "GER"]
[SourceTitle "EXT 2006"]
[Source "ChessBase"]
[SourceDate "2005.11.24"]
[SourceVersion "1"]
[SourceVersionDate "2005.11.24"]
[SourceQuality "1"]

1. c4 e5 2. Nc3 Nf6 3. g3 c6 4. Nf3 d6 5. d3 Be7 6. Bg2 0-0 7. 0-0 h6 8. b4 d5 9. cxd5 Bxb4 10. Qb3 Bxc3 11. Qxc3 Nxd5 12. Qb3 Re8 13. Bb2 Nd7 14. Nd2 Qb6 15. Ne4 Qxb3 16. axb3 f6 17. Nd6 Rd8 18. Bh3 N5b6 19. Be6+ Kh7 20. Ba3 Rb8 21. Bb4 Nf8 22. Bxc8 Nxc8 23. Nxc8 Rbxc8 24. Rxa7 Rd7 25. Bc5 Ne6 26. b4 Nd4 27. Bxd4 exd4 28. Rc1 Re8 29. Kf1 Rde7 30. Rc5 Kg6 31. b5 cxb5 32. Rxb5 Kf7 33. Rb4 Rc7 34. Rxd4 Rc1+ 35. Kg2 Rxe2 36. Rxb7+ Re7 37. Rb2 Rd1 38. Kf3 Rde1 39. Re4 Re5 40. Rb7+ Kg6 41. Rg4+ Rg5 42. h4 Rxg4 43. Kxg4 Re2 44. h5+ Kh7 45. f4 Rh2 46. d4 f5+ 47. Kxf5 Rxh5+ 48. Ke6 Rh3 49. g4 Re3+ 50. Kf5 Re8 51. d5 Rf8+ 52. Ke5 Re8+ 53. Kd4 Rd8 54. Re7 Kg8 55. Ke5 Kf8 56. d6 Ra8 57. Ke6 g5 58. fxg5 hxg5 59. Rf7+ Kg8 60. Rf5 Re8+ 61. Kd7 Re4 62. Rxg5+ Kf7 63. Kd8 Re8+ 64. Kc7 Re4 65. d7 Rc4+ 66. Kd6 1-0

[Event "Boeblingen op 19th"]
[Site "Boeblingen"]
[Date "2002.12.28"]
[Round "5"]
[White "Frey, Bernd Juergen"]
[Black "Hoffmann, Hans"]
[Result "1-0"]
[WhiteElo "2010"]
[BlackElo "2192"]
[PlyCount "55"]
[EventDate "2002.12.26"]
[EventType "swiss"]
[EventRounds "9"]
[EventCountry "GER"]
[SourceTitle "EXT 2004"]
[Source "ChessBase"]
[SourceDate "2003.11.25"]
[SourceVersion "1"]
[SourceVersionDate "2003.11.25"]
[SourceQuality "1"]

1. e4 c5 2. Nc3 Nc6 3. g3 g6 4. Bg2 Bg7 5. d3 e6 6. Be3 d6 7. Qd2 Nge7 8. Bh6 0-0 9. h4 Bxh6 10. Qxh6 f6 11. Nh3 e5 12. Qd2 Rb8 13. h5 g5 14. f4 h6 15. 0-0-0 b5 16. Rdf1 b4 17. Nd5 Nxd5 18. exd5 Nd4 19. fxg5 fxg5 20. Rxf8+ Kxf8 21. Rf1+ Kg7 22. Nf2 Rb7 23. Ne4 Rf7 24. Rxf7+ Kxf7 25. c3 bxc3 26. bxc3 Nb5 27. Qb2 Qa5 28. Qxb5 1-0

[Event "Bad Wildbad Seniors2 op"]
[Site "Bad Wildbad"]
[Date "2002.10.08"]
[Round "4"]
[White "Schaffarth, Peter"]
[Black "Hoffmann, Hans"]
[Result "1-0"]
[WhiteElo "2144"]
[BlackElo "2236"]
[PlyCount "61"]
[EventDate "2002.10.05"]
[EventType "swiss"]
[EventRounds "9"]
[EventCountry "GER"]
[SourceTitle "EXT 2003"]
[Source "ChessBase"]
[SourceDate "2002.11.25"]
[SourceVersion "1"]
[SourceVersionDate "2002.11.25"]
[SourceQuality "1"]

1. e4 c5 2. c3 d5 3. exd5 Qxd5 4. d4 Nc6 5. dxc5 Qxd1+ 6. Kxd1 Bf5 7. Nf3 0-0-0+ 8. Ke1 e5 9. Be3 Nf6 10. Bb5 Ng4 11. b4 Nxe3 12. fxe3 f6 13. Ke2 g5 14. Rd1 Rxd1 15. Kxd1 Be7 16. Nbd2 Rd8 17. Ke2 a6 18. Bc4 Bd7 19. e4 f5 20. Bd5 g4 21. Ne1 fxe4 22. Bxe4 Be6 23. Nc2 Bg5 24. Ne3 Ne7 25. a3 h5 26. Ndc4 Kc7 27. Rf1 Bxe3 28. Nxe3 h4 29. Rf6 Bb3 30. Rh6 g3 31. Rxh4 1-0